| 000 | 00409nam a22001577a 4500 | ||
|---|---|---|---|
| 003 | macl | ||
| 005 | 20190312175331.0 | ||
| 008 | 190312b xxu||||| |||| 00| 0 eng d | ||
| 040 | _cmacl | ||
| 082 | _a300 | ||
| 100 |
_aSheelwant singh /kriti rastogi _973811 |
||
| 245 | _aSocial Sciene NCERT for civil services Exa. | ||
| 260 |
_aChennai _bMcgraw hill _c2018 |
||
| 650 |
_asocial _973812 |
||
| 942 |
_2ddc _cBK |
||
| 999 |
_c59010 _d59010 |
||